zpět

Detail výsledku týmu

Skáld Coffee, Louny

Datum a čas kvízu

31.5 Celkem bodů Celkový počet nahraných bodů na tomto kvízu bez doplňovacích otázek.
2. Pořadí na kvízu Konečné umístění týmu na tomto kvízu.

Zaznamenané odpovědi

# Otázka Odpověď Body Výsledky
1. Jedna česká politička oslavila... Markéta Pekarová Adamová 1
2. Totální chaos, přerušenou dopr... D) balónek, který uletěl z Oktoberfestu 0
3. Která skupina vydala minulý tý... Coldplay 1
4. V úterý se stal novým generáln... z Nizozemska 1
5. Který český brankář minulý týd... Vítězslav Jaroš 0
6. Který stát zcela obklopuje zem... Jihoafrická republika (JAR, Jižní Afrika) 1
7. Kaliningrad neboli Královec je... Přemysla Otakara II. 1
8. V Pásmu Gazy, jež je v podstat... A 1
9. V roce 2015 během jediného dne... Indie a Bangladéš 0.5
10. Jak se jmenují dvě španělská m... Ceuta a Melilla 0